Statistics for Countries with Population over 100 million

Click here to take the quiz!

General Stats

  • This quiz has been taken 792 times
    (501 since last reset)
  • The average score is 13 of 14

Answer Stats

PopulationCountry% Correct
1.439.323.776China
99%
1.380.004.385India
99%
331.002.651United States of America
99%
145.934.462Russia
98%
212.559.417Brazil
96%
273.523.615Indonesia
96%
128.932.753Mexico
93%
126.476.461Japan
92%
220.892.340Pakistan
92%
206.139.589Nigeria
90%
164.689.383Bangladesh
86%
102.334.404Egypt
85%
114.963.588Ethiopia
73%
109.581.078Philippines
68%

Score Distribution

Percentile by Number Answered

Percent of People with Each Score

Your Score History

You have not taken this quiz since the last reset